<?xml version="1.0" encoding="UTF-8"?>
<collection xmlns="http://www.loc.gov/MARC21/slim">
    <record>
        <controlfield tag="001">71361</controlfield>
        <controlfield tag="005">20180822112351.0</controlfield>
        <datafield tag="037" ind1=" " ind2=" ">
            <subfield code="a">GDOC-2017-25342</subfield>
        </datafield>
        <datafield tag="041" ind1=" " ind2=" ">
            <subfield code="a">spa</subfield>
        </datafield>
        <datafield tag="041" ind1=" " ind2=" ">
            <subfield code="a">eng</subfield>
        </datafield>
        <datafield tag="100" ind1=" " ind2=" ">
            <subfield code="0">(orcid)0000-0002-0127-3487</subfield>
            <subfield code="1">304501</subfield>
            <subfield code="a">ISABEL INIESTA, ALEMÁN</subfield>
        </datafield>
        <datafield tag="245" ind1="0" ind2="0">
            <subfield code="9">25342</subfield>
            <subfield code="a">Comunicación e identidad corporativa</subfield>
        </datafield>
        <datafield tag="242" ind1="0" ind2="0">
            <subfield code="9">25342</subfield>
            <subfield code="a">Communication and corporate identity</subfield>
        </datafield>
        <datafield tag="260" ind1=" " ind2=" ">
            <subfield code="a">Zaragoza</subfield>
            <subfield code="b">Universidad de Zaragoza</subfield>
            <subfield code="c">2017-2018</subfield>
        </datafield>
        <datafield tag="520" ind1=" " ind2=" ">
            <subfield code="a">Breve presentación de la asignatura
La comunicación es un proceso imprescindible en la actividad de cualquier organización. La comunicación corporativa y su identidad son hoy el eje central sobre el que se establece cualquier Gabinete de Prensa/Dirección de Comunicación (DIRCOM). Esta asignatura consta de una parte teórica y de otra práctica. En la parte teórica se adquieren una serie de conceptos relativos a la comunicación. Se estudia la comunicación interna, la externa, la responsabilidad social corporativa así como a solucionar las crisis de comunicación corporativa.</subfield>
        </datafield>
        <datafield tag="521" ind1=" " ind2=" ">
            <subfield code="9">105</subfield>
            <subfield code="a">Graduado en Periodismo</subfield>
            <subfield code="b">Degree in Journalism</subfield>
        </datafield>
        <datafield tag="540" ind1=" " ind2=" ">
            <subfield code="a">by-nc-sa</subfield>
            <subfield code="b">Creative Commons</subfield>
            <subfield code="c">3.0</subfield>
            <subfield code="u">http://creativecommons.org/licenses/by-nc-sa/3.0/</subfield>
        </datafield>
        <datafield tag="830" ind1=" " ind2=" ">
            <subfield code="9">272</subfield>
        </datafield>
        <datafield tag="856" ind1="4" ind2=" ">
            <subfield code="s">10989</subfield>
            <subfield code="u">http://zaguan.unizar.es/record/71361/files/guia-25342-en.pdf</subfield>
            <subfield code="y">Guide (english)</subfield>
        </datafield>
        <datafield tag="856" ind1="4" ind2=" ">
            <subfield code="s">15957</subfield>
            <subfield code="u">http://zaguan.unizar.es/record/71361/files/guia-25342-es.pdf</subfield>
            <subfield code="y">Guía (idioma español)</subfield>
        </datafield>
        <datafield tag="970" ind1=" " ind2=" ">
            <subfield code="a">GDOC-2017-25342</subfield>
        </datafield>
        <datafield tag="980" ind1=" " ind2=" ">
            <subfield code="a">GDOC</subfield>
            <subfield code="b">Ciencias Sociales y Jurídicas</subfield>
            <subfield code="b">Social Sciences and Law</subfield>
            <subfield code="c">103</subfield>
        </datafield>
    </record>

    
</collection>